[Event "It (b)"]
[Site "masterchessopen.com Wijk aan Zee (Netherlands)"]
[Round "5"]
[White "Cifuentes Parada Roberto (ESP)"]
[Black "Pliester Leon (NED)"]
[Result "0-1"]
[WhiteElo "2490"]
[BlackElo "2380"]

1.d4 Nf6 2.Nf3 e6 3.c4 b6 4.Nc3 Bb7 5.Bg5 Bb4 6.e3 h6 7.Bh4 g5 8.Bg3 Ne4 9.Qc2
Bxc3+ 10.bxc3 d6 11.Bd3 f5 12.d5 Nd7 13.Nd4 Ndc5 14.O-O Qf6 15.Bxe4 fxe4 16.f3
O-O-O 17.fxe4 Qg6 18.e5 Qxc2 19.Nxc2 exd5 20.exd6 dxc4 21.Nd4 cxd6 22.Nb5 Ne4
23.Rad1 Rh7 24.Nxa7+ Kb8 25.Nb5 Bc6 26.Nd4 Kb7 27.Nf5 Rhd7 28.Rc1 Ra8 29.Rc2
Ra3 30.Nxh6 Ba4 31.Rb2 Rxc3 32.Nf5 Rd3 33.Rb4 b5 34.Be1 Ka6 35.Ng3 Rxe3
36.Nxe4 Rxe4 37.Bd2 d5 38.Bxg5 d4 39.h4 c3 40.h5 Ka5 41.a3 Bc2 42.Bf6 Bd3
43.Rc1 Bc4 44.h6 Rf4 45.Bg7 Rxg7 46.hxg7 Rg4 47.Kf2 Rxg7 48.Kf3 Re7 49.Rbb1 d3
50.Rxc3 d2 {#R} 0-1

[Event "It (open)"]
[Site "masterchessopen.com Zalakaros (Hungary)"]
[Round "0"]
[White "Domotor Jozsef (HUN)"]
[Black "Chernyshov Konstantin (RUS)"]
[Result "0-1"]
[WhiteElo "1974"]
[BlackElo "2485"]

1.d4 Nf6 2.c4 e6 3.Nf3 b6 4.Nc3 Bb7 5.Bg5 h6 6.Bh4 Bb4 7.e3 g5 8.Bg3 Ne4 9.Qc2
d6 10.Nd2 Bxc3 11.bxc3 Nxd2 12.Qxd2 Nd7 13.f3 f5 14.Bd3 Qf6 15.h4 Rg8 16.h5
O-O-O 17.a4 a5 18.O-O-O Rde8 19.Bf2 g4 20.e4 gxf3 21.gxf3 fxe4 22.fxe4 Rg2
23.Rdf1 Rf8 24.Bh4 Rxd2 25.Bxf6 Rxd3 {#R} 0-1

[Event "It (open)"]
[Site "masterchessopen.com Berlin (Germany)"]
[Round "0"]
[White "Marxen Tobias (GER)"]
[Black "Lindemann Christian (GER)"]
[Result "0-1"]
[WhiteElo "2026"]
[BlackElo "2235"]

1.d4 Nf6 2.Nf3 e6 3.c4 b6 4.Nc3 Bb7 5.Bg5 h6 6.Bh4 Bb4 7.Nd2 c5 8.a3 Bxc3
9.bxc3 d6 10.f3 e5 11.d5 Nbd7 12.e3 Qe7 13.Bd3 Kd8 14.a4 a5 15.Qb3 Ba6 16.Rb1
Rb8 17.Bf5 g6 18.Bh3 Rg8 19.Bxd7 Kxd7 20.Qc2 Kc7 21.Bxf6 Qxf6 22.Qd3 Qh4+
23.Kd1 f5 24.e4 f4 25.Kc2 Qe7 26.g4 h5 27.h3 hxg4 28.hxg4 Rh8 29.Qe2 Rh4
30.Rxh4 Qxh4 31.Qg2 Rh8 32.Rg1 Bc8 33.Rf1 Bd7 34.Kb3 Kd8 35.Qf2 Qe7 36.Qg2 Qe8
37.Ra1 Rh7 38.Nf1 Qh8 39.Ra2 Rh3 40.Ka3 Rh7 41.Kb3 Qe8 42.Qg1 Ke7 43.Qg2 Kf6
44.Qg1 Kg5 45.Qg2 Rh4 46.Nh2 Rh8 47.Nf1 Qc8 48.Nh2 Be8 49.Nf1 Qd7 50.Qg1 Rh3
51.Qg2 Qh7 52.Ra1 Rh1 53.Ka3 Qh3 54.Qf2 Bd7 55.Kb3 Qh8 56.Ka3 Rh7 57.Ra2 Qe8
58.Kb3 Qf8 59.Qg1 Qh6 60.Rh2 Qg7 61.Ra2 Qh8 62.Qg2 Rh4 63.Nh2 Rh3 64.Nf1 Rh1
65.Ra1 Qh4 66.Ka3 Qh3 67.Qxh3 Rxh3 68.Nd2 Rh2 69.Rd1 Kh4 70.Kb3 g5 71.Nf1 Rh1
72.Ka3 Kh3 73.Kb3 Kg2 {#R} 0-1

[Event "It (open)"]
[Site "masterchessopen.com Cappelle la Grande (France)"]
[Round "4"]
[White "Gervais Victor (FRA)"]
[Black "Sahetchian Armine (FRA)"]
[Result "1-0"]
[WhiteElo "2270"]
[BlackElo "2068"]

1.d4 Nf6 2.c4 e6 3.Nf3 b6 4.Nc3 Bb7 5.Bg5 h6 6.Bh4 Bb4 7.Rc1 g5 8.Bg3 Ne4 9.e3
Nxc3 10.bxc3 Be7 11.Bd3 Nc6 12.O-O O-O 13.d5 Na5 14.Nd4 Bf6 15.Qh5 Bg7 16.f4
exd5 17.Nf5 Qf6 18.h4 g4 19.cxd5 Kh8 20.e4 d6 21.e5 Qg6 22.Nxg7 Qxg7 23.f5 f6
24.e6 Bxd5 25.Rf4 Rg8 26.Rxg4 Qf8 27.e7 Bf7 28.exf8=Q {#r} 1-0

[Event "It (open)"]
[Site "masterchessopen.com Recklinghausen (Germany)"]
[Round "3"]
[White "Wortmann Dirk (GER)"]
[Black "Hacker Christian (GER)"]
[Result "0-1"]
[WhiteElo "2014"]
[BlackElo "2084"]

1.d4 Nf6 2.Nf3 b6 3.c4 e6 4.Nc3 Bb7 5.Bg5 h6 6.Bh4 Bb4 7.Qb3 a5 8.a3 Be7 9.e3
d6 10.Rd1 Nbd7 11.h3 g5 12.Bg3 Nh5 13.Bh2 Bf8 14.Be2 Qe7 15.Qc2 Bg7 16.Nd2
Nhf6 17.Bf3 Bxf3 18.Nxf3 O-O 19.Nd2 e5 20.O-O g4 21.Qf5 gxh3 22.gxh3 exd4
23.exd4 Rfe8 24.Kh1 Qe6 25.Qxe6 Rxe6 26.Nb5 Ne8 27.Rde1 Rxe1 28.Rxe1 c6
29.Nxd6 Nxd6 30.Bxd6 Bxd4 31.Re7 Nf6 32.Be5 Bxe5 33.Rxe5 Rd8 34.Ne4 Nxe4
35.Rxe4 Rd2 36.b4 axb4 37.axb4 Rxf2 38.Re8+ Kg7 39.Rb8 Rc2 40.Rxb6 Rxc4 41.Kg2
f6 42.Kg3 Kg6 43.Kf3 Kg5 44.b5 cxb5 45.Rxb5+ f5 46.Kg3 Rc3+ 47.Kg2 Kf4 48.Rb4+
Ke3 49.Kg3 Rc6 50.Rb3+ Ke4 51.Rb4+ Ke5 52.Rb5+ Kf6 53.Ra5 Kg6 54.Rb5 Rc3+
55.Kg2 Kg5 56.Ra5 h5 57.Ra8 h4 {#R} 0-1

[Event "Ch Aragon (team)"]
[Site "masterchessopen.com Aragon (Spain)"]
[Round "0"]
[White "Perdiguero Duenas J (ESP)"]
[Black "Castro Santimoteo Raul (ESP)"]
[Result "1-0"]
[WhiteElo "2193"]
[BlackElo "2037"]

1.d4 Nf6 2.c4 e6 3.Nf3 b6 4.Nc3 Bb7 5.Bg5 h6 6.Bh4 Bb4 7.Qb3 Bxc3+ 8.Qxc3 d6
9.Nd2 Nbd7 10.f3 O-O 11.e4 e5 12.d5 a5 13.a4 Re8 14.Bf2 Nc5 15.g4 g5 16.Be2
Nfd7 17.Nf1 Nf8 18.Ne3 Bc8 19.Nf5 Qf6 20.h4 Bd7 21.b3 Bxf5 22.gxf5 Qg7 23.hxg5
hxg5 24.O-O-O f6 25.Rdg1 Kf7 26.Bxc5 dxc5 27.f4 exf4 28.Bh5+ Ke7 29.Bxe8 Rxe8
30.Qd2 Qf7 31.Rh6 Nd7 32.d6+ cxd6 33.Rd1 d5 34.Rdh1 Nf8 35.cxd5 Kd6 36.Qc3
{#r} 1-0

[Event "It (open)"]
[Site "masterchessopen.com Passau (Germany)"]
[Round "0"]
[White "Schuette Manfred (GER)"]
[Black "Bischoff Klaus (GER)"]
[Result "0-1"]
[WhiteElo "2215"]
[BlackElo "2530"]

1.c4 b6 2.Nf3 Bb7 3.Nc3 e6 4.d4 Nf6 5.Bg5 h6 6.Bh4 Bb4 7.e3 Bxc3+ 8.bxc3 d6
9.Bd3 Nbd7 10.O-O g5 11.Bg3 h5 12.h4 gxh4 13.Bxh4 Rg8 14.g3 Qe7 15.Be2 O-O-O
16.Nd2 e5 17.Bf3 e4 18.Be2 Qe6 19.Kg2 Rde8 20.Qa4 Kb8 21.c5 dxc5 22.Nb3 Nd5
23.Rac1 cxd4 24.cxd4 Nf8 25.Rh1 Ng6 26.Bb5 Ref8 27.Kf1 Qf5 28.Ke1 Qf3 29.Rh2
Nxh4 30.Nd2 Ng2+ {#R} 0-1

[Event "Cup Tel Aviv (active)"]
[Site "masterchessopen.com Tel Aviv (Israel)"]
[Round "1"]
[White "Kataev Simcho (RUS)"]
[Black "Krayz Alexander (ISR)"]
[Result "0-1"]
[WhiteElo "2246"]
[BlackElo "2400"]

1.d4 e6 2.Nf3 Nf6 3.Bg5 b6 4.c4 Bb7 5.Nc3 Bb4 6.e3 h6 7.Bh4 g5 8.Bg3 Ne4 9.Qc2
Bxc3+ 10.bxc3 d5 11.Bd3 Nxg3 12.fxg3 Nd7 13.O-O g4 14.Nh4 Qg5 15.Rae1 c5 16.e4
dxe4 17.Bxe4 Bxe4 18.Qxe4 O-O 19.Rf4 h5 20.Qc6 Qe7 21.h3 Rac8 22.Qa4 gxh3
23.gxh3 Rc7 24.Ref1 Qg5 25.Kh2 f5 26.d5 Nf6 27.dxe6 Ne4 28.R1f3 Nd2 29.Rf2 Ne4
30.R2f3 Nd2 31.Qd1 Nxf3+ 32.Nxf3 Qg6 33.Qd5 Re7 34.Nh4 Qxe6 35.Nxf5 Rxf5
36.Rxf5 Qxd5 37.Rxd5 {#R} 0-1

[Event "Staatsliga B 1996/97"]
[Site "masterchessopen.com Austria"]
[Round "11"]
[White "Kummer Helmut (AUT)"]
[Black "Froeschl Felix (AUT)"]
[Result "1-0"]
[WhiteElo "2380"]
[BlackElo "2167"]

1.d4 Nf6 2.c4 e6 3.Nf3 b6 4.Nc3 Bb7 5.Bg5 h6 6.Bh4 Bb4 7.e3 Bxc3+ 8.bxc3 g5
9.Bg3 Ne4 10.Bd3 d6 11.Qc2 Nxg3 12.fxg3 Nd7 13.O-O Qe7 14.e4 e5 15.c5 O-O
16.cxd6 cxd6 17.Nd2 Rac8 18.Qb3 Kh7 19.Rf2 f6 20.Raf1 Kg6 21.Nc4 Ba6 22.Nxe5+
fxe5 23.Bxa6 Rxf2 24.Rxf2 Rf8 25.Rxf8 Nxf8 26.Bc8 Kg7 27.Bf5 Qc7 28.h3 Kh8
29.Kh2 Kg7 30.Kh1 Kf6 31.Qd5 Kg7 32.c4 Kf6 33.a4 a5 34.Qa8 Ke7 35.d5 Qxc4
36.Qb7+ Kf6 37.Qxb6 Qb4 38.Qc7 Qe1+ 39.Kh2 Qb4 40.Qd8+ Kf7 41.Be6+ Nxe6
42.Qd7+ {#r} 1-0

[Event "It (open)"]
[Site "masterchessopen.com Augsburg (Germany)"]
[Date "1997.08.09"]
[Round "4"]
[White "Goessnitzer Nicolas (GER)"]
[Black "Vatter Hans-Joachim (GER)"]
[Result "0-1"]
[WhiteElo "2075"]
[BlackElo "2265"]

1.d4 Nf6 2.c4 e6 3.Nf3 b6 4.Nc3 Bb7 5.Bg5 h6 6.Bh4 Bb4 7.e3 g5 8.Bg3 Ne4 9.Rc1
Bxc3+ 10.bxc3 d6 11.Bd3 Nd7 12.Qa4 O-O 13.O-O f5 14.Bxe4 Bxe4 15.h3 Bxf3
16.gxf3 f4 17.Bh2 Rf7 18.Kh1 e5 19.Qc6 Rc8 20.Rg1 Nf8 21.h4 Ng6 22.hxg5 hxg5
23.Qd5 Qf6 24.exf4 Nxf4 25.Bxf4 Qxf4 26.Rc2 Qf5 {#R} 0-1

[Event "It (cat.7)"]
[Site "masterchessopen.com Budapest (Hungary)"]
[Round "5"]
[White "Vovsha Eli (ISR)"]
[Black "Shankar Roy (IND)"]
[Result "1-0"]
[WhiteElo "2225"]
[BlackElo "2370"]

1.d4 Nf6 2.c4 e6 3.Nf3 b6 4.Nc3 Bb7 5.Bg5 h6 6.Bh4 Bb4 7.Qb3 Bxc3+ 8.Qxc3 g5
9.Bg3 Ne4 10.Qc2 f5 11.e3 d6 12.O-O-O Nd7 13.Nd2 Nxg3 14.hxg3 Qf6 15.Qa4 Ke7
16.f3 a6 17.Qa3 c5 18.Kb1 h5 19.Bd3 g4 20.e4 gxf3 21.gxf3 Qxd4 22.exf5 Ne5
23.Be4 Nxc4 24.Nxc4 Bxe4+ 25.fxe4 Qxc4 26.Qe3 Rad8 27.b3 Qb4 28.Qg5+ Kd7
29.fxe6+ Kc7 30.Qd5 c4 31.Rd4 b5 32.Rc1 Kb6 33.e7 Rde8 34.Qe6 Kc7 35.e5 d5
36.Rxd5 Qxe7 37.Qxa6 Rb8 38.Rxb5 {#r} 1-0

[Event "It (open) (a)"]
[Site "masterchessopen.com Eforie Nord (Romania)"]
[Round "0"]
[White "Vioreanu Bogdan-Gabriel (ROM)"]
[Black "Racasan Sebastian (ROM)"]
[Result "1-0"]
[WhiteElo "2025"]
[BlackElo "2236"]

1.d4 Nf6 2.Nf3 e6 3.c4 b6 4.Nc3 Bb7 5.Bg5 Bb4 6.e3 h6 7.Bh4 g5 8.Bg3 Ne4 9.Qc2
h5 10.Bd3 Bxc3+ 11.bxc3 d5 12.cxd5 exd5 13.h4 Nxg3 14.fxg3 Qe7 15.O-O gxh4
16.Ne5 f6 17.Bg6+ Kf8 18.Rxf6+ Qxf6 19.Rf1 Qxf1+ 20.Kxf1 Kg7 21.Qf5 Nc6
22.Qf7+ Kh6 23.Qf6 Nxe5 24.Bf5+ {#r} 1-0

[Event "Oberliga Northeast 1998/99"]
[Site "masterchessopen.com Germany"]
[Round "0"]
[White "Brameyer Hermann (GER)"]
[Black "Opitz Frank (GER)"]
[Result "1-0"]
[WhiteElo "2250"]
[BlackElo "1958"]

1.d4 Nf6 2.Nf3 b6 3.c4 e6 4.Nc3 Bb7 5.Bg5 h6 6.Bh4 Bb4 7.e3 g5 8.Bg3 Ne4 9.Rc1
h5 10.h4 Bxc3+ 11.bxc3 Nxg3 12.fxg3 g4 13.Nd2 f5 14.Kf2 d6 15.Bd3 Nd7 16.Rf1
O-O 17.Kg1 Qe7 18.Qe2 Rae8 19.Rce1 Nf6 20.d5 Nd7 21.Nb3 c5 22.Nd2 Ne5 23.Bc2
exd5 24.cxd5 Bxd5 25.Rxf5 Rxf5 26.Bxf5 Be6 27.Bb1 Rf8 28.Ne4 Bc4 29.Qd2 d5
30.Ng5 Nf7 31.Nh7 Re8 32.Qf2 Kg7 33.Qf5 Qe6 34.Qxh5 Nh6 35.Qg5+ Kh8 36.Nf6
{#r} 1-0

[Event "It (open)"]
[Site "masterchessopen.com Naantali (Finland)"]
[Round "0"]
[White "Uimonen Matti (FIN)"]
[Black "Sorsa Nuutti (FIN)"]
[Result "0-1"]
[WhiteElo "2098"]
[BlackElo "2230"]

1.d4 e6 2.c4 Nf6 3.Nf3 b6 4.Bg5 Bb7 5.Nc3 h6 6.Bh4 Bb4 7.Qb3 c5 8.a3 Ba5
9.dxc5 Na6 10.Nd2 Nxc5 11.Qc2 Bxc3 12.Qxc3 d6 13.b4 Ncd7 14.f3 O-O 15.e3 Rc8
16.Qb2 Ba6 17.Be2 Qc7 18.O-O Qb8 19.a4 d5 20.Bg3 Qa8 21.b5 Bb7 22.a5 bxa5
23.Rxa5 a6 24.bxa6 Bc6 25.c5 Qa7 26.Bd6 Rfe8 27.Nb3 e5 28.Rfa1 Re6 29.f4 Rxd6
30.fxe5 Re6 31.exf6 Rxe3 32.Bg4 Rb8 33.R1a3 Nxf6 34.Bf3 Re1+ 35.Kf2 Qe7 36.Qd2
Re8 37.Nd4 Ne4+ 38.Bxe4 Rxe4 39.g3 Qe5 40.Rd3 Qf6+ 41.Kg1 Re1+ {#R} 0-1

[Event "Ch Slovenia (team)"]
[Site "masterchessopen.com Radovljica (Slovenia)"]
[Round "4"]
[White "Kranjc M"]
[Black "Perovsek Milan"]
[Result "1-0"]
[WhiteElo "2010"]
[BlackElo "1885"]

1.c4 Nf6 2.Nf3 e6 3.d4 b6 4.Nc3 Bb7 5.Bg5 h6 6.Bh4 Bb4 7.e3 g5 8.Bg3 Ne4 9.Qc2
d6 10.Nd2 Bxc3 11.bxc3 Nxg3 12.hxg3 Nd7 13.e4 e5 14.Be2 Qf6 15.d5 Ke7 16.Nf1
Nc5 17.Ne3 Bc8 18.Bg4 Bxg4 19.Nxg4 Qg6 20.f3 f6 21.O-O-O h5 22.Ne3 Qe8 23.Rh2
Qc8 24.Rdh1 h4 25.gxh4 g4 26.fxg4 Qa6 27.g3 b5 28.g5 Rab8 29.gxf6+ Kf7 30.Kd2
bxc4 31.Rb1 Rbg8 32.g4 Kxf6 33.g5+ Ke7 34.Rf2 Nd3 35.Rf6 Rf8 36.Re6+ Kd7
37.Nf5 Rxf5 38.exf5 Rxh4 39.Rh6 Rxh6 40.gxh6 Qa5 41.h7 Qxd5 42.Qa4+ Ke7 43.f6+
Ke6 44.Qe8+ Kf5 45.Qg8 Qf3 46.Qxc4 Qg2+ 47.Kxd3 e4+ 48.Ke3 Qg5+ 49.Ke2 Qg2+
50.Kd1 e3 51.Qd3+ Kf4 52.h8=Q {#r} 1-0

[Event "Cup Brazilian Chess Club"]
[Site "masterchessopen.com Brasilia (Brazil)"]
[Round "6"]
[White "Vieira Arnaldo (BRA)"]
[Black "Coelho Luis (BRA)"]
[Result "0-1"]
[WhiteElo "2120"]
[BlackElo "2041"]

1.d4 Nf6 2.c4 e6 3.Nf3 b6 4.Bg5 Bb7 5.Nc3 h6 6.Bh4 Bb4 7.Rc1 g5 8.Bg3 Ne4 9.e3
d6 10.Bd3 Bxc3+ 11.bxc3 Nd7 12.O-O Qe7 13.Qa4 Nxg3 14.fxg3 a5 15.e4 h5 16.e5
O-O-O 17.exd6 Qxd6 18.Nxg5 Nc5 19.Qc2 Qc6 20.Rf2 Nxd3 21.Qxd3 Rdf8 22.Nf3 f6
23.Re1 Ba6 24.Nd2 h4 25.g4 h3 26.Qe4 Qxe4 27.Rxe4 Kd7 28.Ref4 Ke7 29.gxh3 Rxh3
30.R2f3 Rfh8 31.Rxf6 Rxh2 32.Nf1 Rh1+ 33.Kf2 Bxc4 34.Ke3 Bxa2 35.g5 Bd5
36.Rf7+ Kd6 37.Rg3 a4 38.Nd2 a3 39.c4 a2 40.cxd5 a1=Q {#R} 0-1

[Event "It (open)"]
[Site "masterchessopen.com Budapest (Hungary)"]
[Round "5"]
[White "Nguyen Anh Dung (VIE)"]
[Black "Chernyshov Konstantin (RUS)"]
[Result "0-1"]
[WhiteElo "2484"]
[BlackElo "2483"]

1.d4 e6 2.c4 b6 3.Nc3 Bb7 4.Nf3 Nf6 5.Bg5 h6 6.Bh4 Bb4 7.Qc2 g5 8.Bg3 Ne4
9.Nd2 f5 10.e3 Bxc3 11.bxc3 d6 12.Nxe4 Bxe4 13.Qb3 Qf6 14.f3 Bb7 15.c5 f4
16.Bf2 Nc6 17.cxd6 cxd6 18.Bd3 O-O-O 19.e4 Na5 20.Qb4 g4 21.Ke2 Rhg8 22.h3 g3
23.Be1 Rg7 24.Bd2 Rc7 25.Rhb1 Kd7 26.Qa3 Rdc8 27.Rd1 e5 28.d5 Qd8 29.Rdc1 Rc5
30.Qa4+ Ke7 31.c4 Ba6 32.Bb4 Bxc4 33.Bxc5 Bxd3+ 34.Kxd3 dxc5 35.Rab1 a6 36.Qa3
Kd6 37.Kc3 b5 38.Kb2 b4 39.Qa4 Rb8 40.a3 Rb5 41.Ka1 b3 42.Kb2 c4 43.Rxc4 Qb6
{#R} 0-1

[Event "It (open)"]
[Site "masterchessopen.com Hamburg (Germany)"]
[Round "9"]
[White "Christenson Flemming (NOR)"]
[Black "Opitz Frank (GER)"]
[Result "0-1"]
[WhiteElo "2223"]
[BlackElo "2031"]

1.d4 Nf6 2.c4 e6 3.Nf3 b6 4.Nc3 Bb7 5.Bg5 h6 6.Bh4 Bb4 7.e3 O-O 8.Bd3 d6 9.O-O
Bxc3 10.bxc3 g5 11.Bg3 Ne4 12.Nd2 Nxd2 13.Qxd2 f5 14.f3 Nd7 15.a4 a5 16.Rab1
Bc6 17.Qc2 Qe8 18.e4 f4 19.Bf2 Nf6 20.Ra1 e5 21.c5 dxc5 22.Bc4+ Kh8 23.dxc5 b5
24.axb5 Bxb5 25.Bxb5 Qxb5 26.Rfb1 Qc6 27.Qb3 a4 28.Qb7 Qxb7 29.Rxb7 a3 30.c6
Ne8 31.Rb5 Nd6 32.Rxe5 Rfb8 33.Rd5 a2 34.Rdd1 Nc4 35.h4 Ne3 36.Bxe3 fxe3
37.Kf1 Rb2 38.Re1 Rab8 39.hxg5 hxg5 40.e5 Kg7 41.e6 Kf8 42.c4 Rd2 43.g3 Rbb2
44.Rxe3 Rb1+ 45.Re1 Rxa1 46.Rxa1 Rb2 {#R} 0-1

[Event "Ch Russia (1/2 final)"]
[Site "masterchessopen.com Novosibirsk (Russia)"]
[Round "5"]
[White "Nikitin Andrey (RUS)"]
[Black "Skvortsov A (RUS)"]
[Result "0-1"]
[WhiteElo "2386"]
[BlackElo "2337"]

1.d4 Nf6 2.c4 e6 3.Nf3 b6 4.Nc3 Bb7 5.Bg5 Bb4 6.e3 h6 7.Bh4 g5 8.Bg3 Ne4 9.Qc2
f5 10.Bd3 Bxc3+ 11.bxc3 d6 12.d5 exd5 13.cxd5 Bxd5 14.Nd4 Qf6 15.f3 Nxg3
16.hxg3 Nd7 17.Bxf5 O-O-O 18.Qa4 a5 19.O-O Qf7 20.e4 Bb7 21.Be6 Qe8 22.Rab1
Kb8 23.Bd5 Nc5 24.Qa3 h5 25.Bxb7 Kxb7 26.Qxa5 Ra8 27.Qb4 h4 28.gxh4 Rxh4
29.Qc4 Qe5 30.Rb2 Rah8 31.Kf2 g4 32.Re2 Qf4 33.Qd5+ Ka6 34.Qc4+ Ka7 35.Re3
gxf3 36.Nxf3 d5 37.Qxd5 Nxe4+ 38.Rxe4 Qxe4 39.Qxe4 Rxe4 40.Re1 Rxe1 41.Nxe1
Ka6 42.Nf3 Kb5 43.g4 Kc4 44.Ke3 Kxc3 45.g5 c5 46.Ke4 c4 47.Kd5 b5 48.Ne5 b4
49.Nxc4 Rg8 {#R} 0-1

[Event "It (open)"]
[Site "masterchessopen.com Seefeld (Austria)"]
[Round "3"]
[White "Goldstern Flip (NED)"]
[Black "Timoshenko Georgy (UKR)"]
[Result "0-1"]
[WhiteElo "2391"]
[BlackElo "2576"]

1.d4 Nf6 2.c4 e6 3.Nf3 b6 4.Nc3 Bb7 5.Bg5 h6 6.Bh4 Bb4 7.Qb3 a5 8.O-O-O Be7
9.e3 O-O 10.Bd3 d5 11.Bxf6 Bxf6 12.cxd5 exd5 13.h4 Na6 14.a3 h5 15.Bb1 c5
16.Qc2 g6 17.g4 hxg4 18.h5 gxf3 19.hxg6 Bg7 20.Qf5 Qf6 21.Qh5 Rfc8 22.Rh3 Rc6
23.Rg1 cxd4 24.Rxf3 dxc3 25.Rxf6 cxb2+ 26.Kd2 Rxf6 27.gxf7+ Rxf7 28.f4 Nc5
29.Qh7+ Kf8 30.Qg6 Ne4+ 31.Bxe4 dxe4 32.Qd6+ Kg8 33.Qxb6 Rd7+ 34.Ke2 Rad8
35.Qe6+ Kf8 36.Qf5+ Rf7 37.Qxa5 Rdd7 38.Qc5+ Ke8 39.Qb5 Kd8 40.Qb6+ Kc8 41.Rg6
Rf6 {#R} 0-1

[Event "Cup NRW"]
[Site "masterchessopen.com Senden (Germany)"]
[Round "3"]
[White "Richter Michael (GER)"]
[Black "Dgebuadze Alexandre (BEL)"]
[Result "0-1"]
[WhiteElo "2410"]
[BlackElo "2510"]

1.d4 e6 2.c4 Nf6 3.Nf3 b6 4.Nc3 Bb7 5.Bg5 h6 6.Bh4 Bb4 7.Qb3 Qe7 8.a3 Bxc3+
9.Qxc3 g5 10.Bg3 Ne4 11.Qc2 d6 12.e3 f5 13.Bd3 h5 14.h4 g4 15.Ng1 Nd7 16.O-O-O
O-O-O 17.Rh2 Nxg3 18.fxg3 Nf6 19.Ne2 Kb8 20.Nc3 d5 21.Qf2 dxc4 22.Bxc4 e5
23.Rhh1 Ne4 24.Nxe4 Bxe4 25.Bd3 exd4 26.exd4 Rh6 27.Rhe1 Re6 28.Bxe4 fxe4
29.Qe3 Rd5 30.Rf1 c5 31.dxc5 Qxc5+ 32.Qxc5 Rxc5+ 33.Kb1 e3 34.Rfe1 e2 35.Rd2
Rce5 36.Kc2 Kc7 37.Rd3 Rf6 38.Kd2 Rf2 39.Rc3+ Kd6 40.Rd3+ Kc6 41.Rc3+ Kb7
42.Re3 Rxe3 43.Kxe3 Rxg2 44.Rxe2 Rxg3+ 45.Kf4 Rb3 46.a4 Rd3 47.Re5 Rd4+ 48.Kg5
g3 49.Kxh5 g2 50.Re7+ Kc6 51.Rg7 Rd2 52.b3 Rd5+ 53.Kh6 Rd8 54.Rxg2 Rh8+ 55.Kg7
Rxh4 56.Kf6 Kc5 57.Rg7 a6 58.Ke5 Rh5+ 59.Ke4 Rh6 60.Rg3 Re6+ 61.Kf5 Re7
62.Rc3+ Kd6 63.Kf6 Rc7 {#R} 0-1

[Event "Ch Brazil"]
[Site "masterchessopen.com Brasilia (Brazil)"]
[Round "8"]
[White "Disconzi Da Silva Rodrigo (BRA)"]
[Black "Vescovi Giovanni (BRA)"]
[Result "0-1"]
[WhiteElo "2352"]
[BlackElo "2526"]

1.d4 e6 2.Nf3 Nf6 3.c4 b6 4.Nc3 Bb7 5.Bg5 h6 6.Bh4 Bb4 7.e3 O-O 8.Qb3 Be7
9.Be2 d5 10.cxd5 Nxd5 11.Bxe7 Qxe7 12.Rc1 Nd7 13.O-O c5 14.Nxd5 Bxd5 15.Qa3
Rfc8 16.Rc3 e5 17.dxc5 Nxc5 18.Rfc1 a5 19.b3 Rd8 20.Rd1 Bxf3 21.Bxf3 e4 22.Be2
Rxd1+ 23.Bxd1 Rd8 24.Qc1 Nd3 25.Qc2 Nb4 26.Qe2 Qd6 {#R} 0-1

[Event "Ch Romania (team)"]
[Site "masterchessopen.com Romania"]
[Round "3"]
[White "Vioreanu Bogdan-Gabriel (ROM)"]
[Black "Parligras Mircea (ROM)"]
[Result "0-1"]
[WhiteElo "2280"]
[BlackElo "2441"]

1.d4 Nf6 2.c4 e6 3.Nf3 b6 4.Nc3 Bb7 5.Bg5 h6 6.Bh4 Bb4 7.Qb3 Bxc3+ 8.Qxc3 g5
9.Bg3 Ne4 10.Qc2 d6 11.e3 Nd7 12.Bd3 Ndf6 13.O-O Qe7 14.Nd2 Nxd2 15.Qxd2 h5
16.h4 Nd7 17.e4 gxh4 18.Bh2 O-O-O 19.Rae1 Rdg8 20.Kh1 Rg7 21.Qe3 Rhg8 22.Rg1
e5 23.d5 Kb8 24.b4 Nf6 25.Rc1 Ng4 26.Qe2 Qf6 27.Rcf1 Bc8 28.c5 Rg6 29.c6 Nxh2
30.Kxh2 Qg7 31.f3 Rg3 32.Qd2 h3 33.Rf2 Qf6 34.Bf1 Qh4 {#R} 0-1

[Event "It (open)"]
[Site "masterchessopen.com Cappelle la Grande (France)"]
[Round "8"]
[White "Aaberg Anton (SWE)"]
[Black "Belikov Vladimir (RUS)"]
[Result "0-1"]
[WhiteElo "2388"]
[BlackElo "2488"]

1.d4 Nf6 2.c4 e6 3.Nf3 b6 4.Nc3 Bb7 5.Bg5 h6 6.Bh4 Bb4 7.e3 g5 8.Bg3 Ne4 9.Qc2
Bxc3+ 10.bxc3 d6 11.Bd3 f5 12.d5 Qf6 13.Bxe4 fxe4 14.Qxe4 Nd7 15.Qd4 e5 16.Qg4
h5 17.Qe6+ Qxe6 18.dxe6 Nc5 19.Nxg5 h4 20.O-O-O hxg3 21.hxg3 Ke7 {#R} 0-1

[Event "It (open)"]
[Site "masterchessopen.com Hamburg (Germany)"]
[Round "8"]
[White "Groeppel Peter (GER)"]
[Black "Hedayat-Nassab Djamschid (GER)"]
[Result "0-1"]
[WhiteElo "2144"]
[BlackElo "2166"]

1.d4 Nf6 2.c4 e6 3.Nf3 b6 4.Bg5 Bb7 5.Nc3 Bb4 6.e3 h6 7.Bh4 g5 8.Bg3 Ne4 9.Qc2
Bxc3+ 10.bxc3 Nxg3 11.fxg3 d6 12.Bd3 Qe7 13.O-O Nd7 14.c5 dxc5 15.e4 O-O-O
16.Rae1 g4 17.Nh4 Rhg8 18.Kh1 Rg5 19.Qf2 f6 20.Bb5 cxd4 21.cxd4 Rxb5 {#R} 0-1

[Event "Tournament"]
[Site "masterchessopen.com Internet"]
[Round "0"]
[White "Mikhalevski Victor (ISR)"]
[Black "O'Donnell Tom (CAN)"]
[Result "1-0"]
[WhiteElo "2518"]
[BlackElo "2357"]

1.d4 Nf6 2.c4 e6 3.Nf3 b6 4.Nc3 Bb7 5.Bg5 h6 6.Bh4 Bb4 7.e3 Bxc3+ 8.bxc3 d6
9.Nd2 Nbd7 10.f3 Qe7 11.Bd3 g5 12.Bf2 O-O-O 13.Qa4 Kb8 14.O-O-O Nh5 15.g4 Ng7
16.h4 f5 17.gxf5 exf5 18.Rhg1 Qf6 19.Rde1 Ne6 20.Qc2 Rdf8 21.Kb1 Rhg8 22.Ref1
f4 23.e4 c5 24.Nb3 Qf7 25.a4 a5 26.Ka2 Ka7 27.Rb1 Ba6 28.Qe2 Nc7 29.Rg2 Re8
30.Qf1 Qh5 31.Nd2 Qf7 32.Rb3 Rg7 33.hxg5 hxg5 34.Qg1 Reg8 35.e5 Qe7 36.Ne4 d5
37.dxc5 dxe4 38.cxb6+ Ka8 39.Bxe4+ Bb7 40.Bxb7+ Kxb7 41.bxc7+ Kxc7 42.Bb6+ Kc8
43.Re2 g4 44.e6 Nb8 45.fxg4 Rxg4 46.Qh1 Rg1 47.Qd5 R1g5 48.Qe4 Rf8 49.Rb5 f3
50.Rf2 Rxb5 51.axb5 Rf6 52.Rxf3 Rxe6 53.Rf8+ Kd7 54.Qb7+ Kd6 55.Qd5# 1-0

[Event "It (open) \"]
[Site "masterchessopen.com Kavala (Greece)"]
[Round "8"]
[White "Tsevremes Ioannis (GRE)"]
[Black "Asik Josip (SRB)"]
[Result "0-1"]
[WhiteElo "2102"]
[BlackElo "2314"]

1.d4 e6 2.Nf3 Nf6 3.c4 b6 4.Nc3 Bb7 5.Bg5 Bb4 6.Qc2 h6 7.Bh4 g5 8.Bg3 Ne4 9.e3
d6 10.Bd3 Nxg3 11.hxg3 Nd7 12.a3 Bxc3+ 13.Qxc3 Qf6 14.Qc2 g4 15.Be4 d5 16.cxd5
exd5 17.Qxc7 Qc6 18.Qxc6 Bxc6 19.Bf5 gxf3 20.gxf3 Nf8 21.Kd2 Ne6 22.f4 Ke7
23.Rh2 Bd7 24.Bd3 Ng7 25.Rah1 h5 26.f3 f5 27.Be2 Rac8 28.Ba6 Rc7 29.Rc1 Rxc1
30.Kxc1 Ba4 31.Bb7 Rd8 32.b4 Kd6 33.e4 fxe4 34.fxe4 dxe4 35.Bxe4 Re8 36.Bg6
Re3 37.Bxh5 Rxg3 38.Bf7 Nf5 39.Rh5 Nxd4 40.Rd5+ Ke7 41.Rxd4 Kxf7 42.Kb2 Rg2+
43.Ka1 Ke6 44.Kb1 Re2 45.Rd8 Bc6 46.Rc8 Be4+ 47.Ka1 Rc2 48.Rd8 Bd5 49.Kb1 Rc3
50.f5+ Ke5 51.f6 Rxa3 {#R} 0-1

[Event "Ch Poland (team) (juniors) (under 20) (2 div)"]
[Site "masterchessopen.com Krynica (Poland)"]
[Round "11"]
[White "Gawelczyk Wojciech (POL)"]
[Black "Czechowski Pawel (POL)"]
[Result "1-0"]
[WhiteElo "2086"]
[BlackElo "2004"]

1.d4 Nf6 2.c4 e6 3.Nf3 b6 4.Nc3 Bb7 5.Bg5 h6 6.Bh4 Bb4 7.a3 Bxc3+ 8.bxc3 d6
9.e3 Nbd7 10.Be2 O-O 11.O-O Qe8 12.Nd2 e5 13.Rb1 Ne4 14.Nxe4 Bxe4 15.Bd3 Bxd3
16.Qxd3 e4 17.Qc2 f5 18.Bg3 g5 19.Rfe1 Qg6 20.f4 g4 {#r} 1-0